U.S Cities with the Best Food - Statistics

General Stats
  • This quiz has been taken 330 times
  • The average score is 7 of 10
Answer Stats
Rank U.S City % Correct
2 New York
98%
7 Los Angeles
91%
3 Chicago
90%
6 Boston
75%
4 San Francisco
75%
1 New Orleans
67%
10 Philadelphia
65%
5 Las Vegas
56%
9 Austin
45%
8 Charleston
18%
No matching quizzes found
Score Distribution
Percent of People with Each Score
Percentile by Number Answered
Your Score History
You have not taken this quiz